000 00608nam a2200241Ia 4500
003 OSt
005 20221006141854.0
006 a|||||r|||| 00| 0
007 ta
008 221006b |||||||| |||| 00| 0 eng d
024 _a4,533
037 _cTextual
040 _aEASL
_cEASL
_beng
041 _2eng
_aeng
082 _aX:275.41.N81r, M2
100 _aZIYANG Zhao
_9646416
245 0 _aChina's economy and development principles
260 _c1982
300 _ap.
_ccm.
490 _v CEL
942 _hX:275.41.N81r, M2
_cTEXL
_2CC
999 _c1072619
_d1072619